|
|
|
|
| LEADER |
00000cam a2200000 a 4500 |
| 001 |
vtls008398667 |
| 003 |
SK-MaSNL |
| 005 |
20260301110040.0 |
| 008 |
200104s1946 xo g 000 0 slo |
| 015 |
|
|
|a SKSNBA19451955-011510
|
| 035 |
|
|
|a SK01SNKBKSFS20010090884
|
| 035 |
|
|
|a urn:nbn:sk:snk-am3hm42
|
| 035 |
|
|
|a F6E6260E-2992-4A5A-A354-789EBDD8CF8D
|
| 035 |
|
|
|a urn:nbn:sk:snk-am00d56z
|
| 035 |
|
|
|a SKM000093347
|
| 040 |
|
|
|a SNK
|b slo
|c SNK
|e AACR2
|
| 041 |
0 |
|
|a slo
|
| 043 |
|
|
|a e-xo---
|
| 044 |
|
|
|a xo
|c SK
|
| 072 |
|
7 |
|a 334
|x Formy organizácie a spolupráce v ekonomike
|2 konspekt
|
| 080 |
|
|
|a 334.73
|2 2001
|
| 080 |
|
|
|a 334.736
|2 2001
|
| 080 |
|
|
|a (437.6)
|2 2001
|
| 080 |
|
|
|a (062.13)
|2 2001
|
| 245 |
0 |
0 |
|a Stanovy Obecne prospešného stavebného a bytového družstva "Náš domov" s ruč. obm. v Trnave
|
| 250 |
|
|
|a [1. vyd.]
|
| 260 |
|
|
|a [Trnava
|b Náš domov
|c 1946]
|e V Trnave
|f Bežo a spol.
|
| 300 |
|
|
|a 16 s.
|c 20 cm
|
| 610 |
2 |
7 |
|a Obecne prospešné stavebné a bytové družstvo Náš domov (Trnava, Slovensko)
|2 SNKKA
|9 447390
|
| 650 |
0 |
7 |
|a družstvá
|2 SNKPH
|9 2107
|
| 650 |
0 |
7 |
|a bytové družstvá
|2 SNKPH
|9 2106
|
| 651 |
|
7 |
|a Trnava (Slovensko)
|2 SNKPH
|9 19407
|
| 655 |
|
7 |
|a stanovy
|2 SNKPH
|9 70547
|
| 958 |
|
|
|a ONDV
|
| 958 |
|
|
|a RK
|
| 999 |
|
|
|c 702255
|d 704185
|
| 952 |
|
|
|a SNK
|b SNK
|y PREZ
|7 0
|p 17A0475493
|o snkSD 5451/7
|i snk2914/46
|8 3
|0 0
|1 0
|4 0
|d 2007-01-25
|f 1
|l 0
|r 2025-11-12 00:00:00
|w 2026-02-23
|
| 952 |
|
|
|a SNK
|b SNK
|y VYP
|7 0
|p 17A0530194
|o snkSD 5451/7 D1
|i snkKSF 2987/56
|8 5
|0 0
|1 0
|4 0
|d 2006-11-21
|l 0
|r 2026-02-23 21:02:55
|w 2026-02-23
|